00697nam a2200205Ia 4500001001900000003000900019008004100028040002300069041001300092100001800105240003400123245008600157250001500243260003000258300002300288490001000311501012400321520001500445700003100460909-STO un (18827)IT-MiSPE171229s9999||||xx |||||||||||||| ||und|| aIT-MiSPEcIT-MiSPE aITALIANO aJean Bollack  aFischer Weltgeschichte: XXXII 0aStoria universale FeltrinellibXXXII. Africa: Dalla preistoria agli stati attuali a1a ed. (v) aMilanobFeltrinellic1968 a423 p. [v.]c20 cm v 32° aEdizioni San Paolo srl - Piazza Soncino, 5 - 20092 CINISELLO BALSAMO (MI) (non commercial uses only) ® Copyright 2018 aCart. geo. aLibero Sosiog(traduzione)